Tratado teórico-práctico de taquigrafía, o, Arte de escribir siguiendo la rapidez de la palabra (Record no. 54304)
[ view plain ]
| 000 -LEADER | |
|---|---|
| campo de control de longitud fija | 00763nam a22001815i 4500 |
| 001 - NÚMERO DE CONTROL | |
| campo de control | 54304 |
| 003 - IDENTIFICADOR DE NÚMERO DE CONTROL | |
| campo de control | ES-MaACL |
| 007 - CAMPO FIJO DE DESCRIPCIÓN FÍSICA--INFORMACIÓN GENERAL | |
| campo de control de longitud fija | t| |
| 008 - DATOS DE LONGITUD FIJA--INFORMACIÓN GENERAL | |
| campo de control de longitud fija | 940202s1872 sp a ||||1| spa d |
| 040 ## - FUENTE DE CATALOGACIÓN | |
| Centro catalogador/agencia de origen | AS |
| Lengua de catalogación | spa |
| 100 1# - ENTRADA PRINCIPAL--NOMBRE DE PERSONA | |
| Nombre de persona | Flórez de Pando, Guillermo. |
| 9 (RLIN) | 51316 |
| 245 10 - MENCIÓN DEL TÍTULO | |
| Título | Tratado teórico-práctico de taquigrafía, o, Arte de escribir siguiendo la rapidez de la palabra |
| Resto del título | : puesto al alcance de todos para poder estudiarle sin necesidad de maestro / |
| Mención de responsabilidad, etc. | por Guillermo Flórez de Pando. |
| 260 ## - PUBLICACIÓN, DISTRIBUCIÓN, ETC. | |
| Lugar de publicación, distribución, etc. | Madrid : |
| Nombre del editor, distribuidor, etc. | Carlos Bailly-Bailliere, |
| Fecha de publicación, distribución, etc. | 1872 ( |
| Fabricante | Imprenta de Manuel G. Hernández) |
| 300 ## - DESCRIPCIÓN FÍSICA | |
| Extensión | 186 p., [1] h. de lám. : |
| Otras características físicas | il. ; |
| Dimensiones | 24 cm. |
| 650 14 - PUNTO DE ACCESO ADICIONAL DE MATERIA--TÉRMINO DE MATERIA | |
| Término de materia o nombre geográfico como elemento de entrada | Taquigrafía. |
| 9 (RLIN) | 17284 |
| 740 0# - ENTRADA AGREGADA--TÍTULO RELACIONADO/ANALÍTICO NO CONTROLADO | |
| Título relacionado o analítico no controlado | Arte de escribir siguiendo la rapidez de la palabra. |
| 852 ## - LOCALIZACIÓN | |
| Ubicación | ES-MaACL |
| Número de control de estantería | G-15229 |
| Estatus retirado | Estado de pérdida | Estado de daño | No para préstamo | Colección | Biblioteca de origen | Biblioteca actual | Ubicación en estantería | Fecha de adquisición | Fuente de adquisición | Total de préstamos | Signatura topográfica completa | Código de barras | Visto por última vez | Precio de reemplazo | Tipo de ítem Koha |
|---|---|---|---|---|---|---|---|---|---|---|---|---|---|---|---|
| Libros del s. XIX | Biblioteca del Ateneo de Madrid | Biblioteca del Ateneo de Madrid | Sala Pecera Planta 3 | 17/01/2008 | G-15229 | 1057067 | 23/02/2023 | 23/02/2023 | Libro impreso antiguo |
